000 01205nam a2200313 a 4500
001 ebr10733032
003 CaPaEBR
006 m o u
007 cr cn|||||||||
008 121115s2009 enk sb 001 0 eng d
010 _z 2012462200
020 _z9780718892388 (pbk.)
020 _z9780718842055 (e-book)
040 _aCaPaEBR
_cCaPaEBR
035 _a(OCoLC)857077918
050 1 4 _aBS2665.53
_b.K44 2009eb
082 0 4 _a227.107
_223
100 1 _aKeener, Craig S.
245 1 0 _aRomans
_h[electronic resource] :
_ba new covenant commentary /
_cCraig S. Keener.
260 _aCambridge :
_bLutterworth Press,
_cc2009.
300 _axxv, 274 p.
440 0 _aNew covenant commentary series
504 _aIncludes bibliographical references (p. 195-212) and indexes.
533 _aElectronic reproduction.
_bPalo Alto, Calif. :
_cebrary,
_d2013.
_nAvailable via World Wide Web.
_nAccess may be limited to ebrary affiliated libraries.
630 0 0 _aBible.
_pRomans
_vCommentaries.
655 7 _aElectronic books.
_2local
710 2 _aebrary, Inc.
856 4 0 _uhttp://site.ebrary.com/lib/rucke/Doc?id=10733032
_zAn electronic book accessible through the World Wide Web; click to view
999 _c150531
_d150531